000 00864nam a2200265 a 4500
001 000039332
003 DO-SdBNP
005 20230411134953.0
007 ta
008 130624s1993 dr 000 0 spa d
040 _aDO-SdBNP
_bspa
_cBNPHU
082 4 _aRD861.44
_bS113p
_222
100 1 _aSaba, Ramón,
_d1948-
_955284
245 1 0 _aPor fin las amapolas! /
_cRamón Saba ; prólogo Víctor Villegas, Radhames Reyes Vásquez.
260 _aSanto Domingo :
_bGolfo,
_c1993.
300 _a32 p. ;
_c22 cm.
500 _aIncluye datos biográficos del autor en la contracubierta
590 _aInventariado, 2019/ YL
650 4 _aPoesía dominicana
650 4 _aLiteratura dominicana
700 1 _aVillegas, Víctor
_eprol.
_97744
700 1 _aReyes Vásquez, Radhames
_eprol.
_965528
910 _aValidado. Control de calidad MFF
942 _2ddc
_cLBS1
999 _c38822
_d38822